00917nab a22001937a 4500999001500000003000400015005001700019008004100036040000700077100003100084245011500115300001300230505022300243505007200466650002800538650003500566773010900601942001300710 c5876d5876OSt20260109013944.0190514b xxu||||| |||| 00| 0 spa d cPJ 96759aAstrada, Gustavo O. 10aDelegación del ejercicio de la responsabilidad parental :bla persona del delegatario /cGustavo O. Astrada. ap. 38-44 aSumario: I. Aclaración preliminar. Delimitación.— II. Consideraciones preliminares sobre la delegación del ejercicio de la responsabilidad parental.— III. La persona del delegatario.— IV. Reflexión final. tSi te interesa el texto, comunicate a koha@justierradelfuego.gov.ar 09967aDERECHO DE FAMILIA 091015aRESPONSABILIDAD PARENTAL0 0284493222dBuenos Aires : AbeledoPerrot, 1989-tDerecho de familia. N° 121 - Septiembre 2025z18511201 2udccANA